| Tag |
First Indicator |
Second Indicator |
Subfields |
| LEADER |
00000cem a2200000 a 4500 |
| 001 |
in00002651007 |
| 005 |
20151202113106.0 |
| 007 |
aj canzn |
| 008 |
100325s2010 dcu ac a f 0 eng |
| 010 |
|
|
|a 2010587939
|
| 019 |
|
|
|a 621373806
|
| 034 |
1 |
|
|a a
|b 51400000
|d W0400000
|e E0600000
|f N0400000
|g S0400000
|
| 035 |
|
|
|a (OCoLC)ocn588394693
|
| 035 |
|
|
|a (OCoLC)588394693
|z (OCoLC)621373806
|
| 040 |
|
|
|a DLC
|c DLC
|d TXA
|d UtOrBLW
|
| 043 |
|
|
|a f------
|
| 049 |
|
|
|a TXAM
|
| 050 |
0 |
0 |
|a G8200 2010
|b .U5
|
| 052 |
|
|
|a 8200
|
| 110 |
1 |
|
|a United States.
|b Central Intelligence Agency.
|
| 245 |
1 |
0 |
|a Africa.
|
| 255 |
|
|
|a Scale 1:51,400,000 ;
|b azimuthal equal-area proj.
|c (W 40°--E 60°/N 40°--S 40°).
|
| 264 |
|
1 |
|a [Washington, D.C.] :
|b [Central Intelligence Agency],
|c [2010]
|
| 300 |
|
|
|a 1 map :
|b color ;
|c 22 x 18 cm.
|
| 336 |
|
|
|a cartographic image
|b cri
|2 rdacontent
|
| 337 |
|
|
|a unmediated
|b n
|2 rdamedia
|
| 338 |
|
|
|a sheet
|b nb
|2 rdacarrier
|
| 500 |
|
|
|a "803432AI (G00392) 2-10."
|
| 530 |
|
|
|a Available also through the Library of Congress Web site as a raster image.
|
| 500 |
|
|
|a Cartographic material.
|
| 651 |
|
0 |
|a Africa
|v Maps.
|
| 752 |
|
|
|a Africa.
|
| 856 |
4 |
1 |
|u http://hdl.loc.gov/loc.gmd/g8200.ct003145
|t 0
|
| 948 |
|
|
|a Cataloged
|b h
|c 2010/12/3
|d c
|e smckenzi
|
| 994 |
|
|
|a C0
|b TXA
|
| 999 |
|
|
|a MARS
|
| 999 |
f |
f |
|s 541cd989-7845-37c7-aee8-af4d050d872c
|i 2ff1018f-f131-3952-963b-f8b9e1691b5d
|t 0
|
| 952 |
f |
f |
|p normal
|a Texas A&M University
|b College Station
|c Sterling C. Evans Library
|d Evans: Maps (2nd floor)
|t 0
|e G8200 2010 .U5
|h Library of Congress classification
|i unmediated -- sheet
|m A14839263909
|
| 998 |
f |
f |
|a G8200 2010 .U5
|t 0
|l Evans: Maps (2nd floor)
|